01661nam a22003374a 4500001001200000003000800012006001900020007001500039008004100054010001700095020002200112040002100134035002000155050002600175082001800201100002000219245012200239260004400361300002300405504005100428505038100479533015200860650002401012650002601036650004001062650003201102655002901134710001701163856012601180999001701306ebr10064678CaPaEBRm u cr cn|||||||||030926s2004 dcua sb 001 0 eng  z 2003021418 z155963703X (jkt.) aCaPaEBRcCaPaEBR a(OCoLC)5660965014aTP261.H9b.R65 2004eb04a333.79/682221 aRomm, Joseph J.14aThe hype about hydrogenh[electronic resource] :bfact and fiction in the race to save the climate /cJoseph J. Romm. aWashington, DC :bIsland Press,cc2004. axi, 238 p. :bill. aIncludes bibliographical references and index.0 aWhy hydrogen? why now? -- Fuel cell basics -- The path to commercialization -- Hydrogen production -- Key elements of a hydrogen-based transportation system -- The long road to commercialization of fuel-cell vehicles -- Global warming and scenarios for a hydrogen transition -- Coping with the global warming century -- Hydrogen partnerships and pilots -- Choosing our future. aElectronic reproduction.bPalo Alto, Calif. :cebrary,d2013.nAvailable via World Wide Web.nAccess may be limited to ebrary affiliated libraries. 0aHydrogenxResearch. 0aFuel cellsxResearch. 0aHydrogen as fuelxEconomic aspects. 0aGlobal warmingxPrevention. 7aElectronic books.2local2 aebrary, Inc.40uhttp://site.ebrary.com/lib/rucke/Doc?id=10064678zAn electronic book accessible through the World Wide Web; click to view c48215d48215